000 00995nam a2200229Ii 4500
003 JO-AjNU
005 20240630092716.0
008 230605s9999||||xx |||||||||||||| ||und||
040 _aJO-AjNU
_bara
_erda
_cJO-AjNU
041 _aara
050 1 4 _aK736.2007
100 3 _aإعداد تيسير عبدالله المكيد العساف؛ محمد يوسف الزعبي ,
_eauthor
_946768
245 0 0 _aالوظائف القانونية لسجل الأموال غير المنقولة " دراسة مقارنة "
264 3 1 _aعمان: جامعة عمان العربية ، 2007
300 _a237 ورقة
336 _atext
_btxt
_2rdacontent
337 _aunmediated
_bn
_2rdamedia
338 _avolume
_bnc
_2rdacarrier
500 _aرسالة جامعية (دكتوراة فلسفة في القانون الخاص )--جامعة عمان العربية ، كلية الدراسات القانونية العليا ، 2007
650 4 _aملكية -- قانون
_946769
942 _2lcc
_cTHS
999 _c23938
_d23938